You can win souls. (Record no. 10545)

000 -LEADER
fixed length control field 00522nam a2200181 a 4500
001 - CONTROL NUMBER
control field :::00008334$&:&@@
003 - CONTROL NUMBER IDENTIFIER
control field OkBaRHE
005 - DATE AND TIME OF LATEST TRANSACTION
control field 20000607103343.0
008 - FIXED-LENGTH DATA ELEMENTS--GENERAL INFORMATION
fixed length control field s1961 j 000 0 eng u
040 ## - CATALOGING SOURCE
Transcribing agency
100 1# - MAIN ENTRY--PERSONAL NAME
Personal name Autrey, C. E.
245 10 - TITLE STATEMENT
Title You can win souls.
260 ## - PUBLICATION, DISTRIBUTION, ETC. (IMPRINT)
Place of publication, distribution, etc Nashville, TN., :
Name of publisher, distributor, etc Broadman Press
Date of publication, distribution, etc c1961
300 ## - PHYSICAL DESCRIPTION
Extent 160 p. ;
Dimensions 20 cm.
650 ## - SUBJECT ADDED ENTRY--TOPICAL TERM
Topical term or geographic name as entry element Evangelistic Work
942 ## - ADDED ENTRY ELEMENTS (KOHA)
Source of classification or shelving scheme
Koha item type Books
Copies
Barcode Price effective from Permanent Location Koha item type Withdrawn status Date last seen Not for loan Copy number Full call number Source of classification or shelving scheme Date acquired Lost status Damaged status Shelving location
83342010-04-14RHEMA Bible Training CollegeBooks 2010-04-14 1BV 3790 .A83 2010-04-14  General Stacks